| 000 | 00794nam a2200181 a 4500 | ||
|---|---|---|---|
| 008 | 120416s1977 ||||||||||||||||| || u | ||
| 020 | _a0080179746 | ||
| 050 | _aHT 166 Rap | ||
| 100 | _aRapoport, Amos | ||
| 245 | 1 | 0 | _aHuman aspects of urban form: towards a man-environment approach to urban form and design |
| 260 |
_aOxford: _bPergamon _c1977 |
||
| 300 | _aviii, 438 pages : illustrations | ||
| 350 | _a0.00 | ||
| 650 | _aGEOGRAPHICAL PERCEPTION | ||
| 650 | 0 | _aCITY PLANNING | |
| 995 |
_aMAIN LIBRARY OPEN ACCESS _D0.00 _e008312 _FCBU-MAIN LIBRARY (Kitwe) _H1 _I21.00 _jHT 166 Rap _UAVAILABLE _y008312 _ZMain Library Open Access Collection |
||
| 995 |
_aTEXTBOOKS (SBE) _D0.00 _e5448 _FCBU-SCHOOL TEXTBOOK COLLECTIONS _H1 _I0.00 _jSCHOOL TEXTBOOK _M2 _UAVAILABLE _WSep 9, 2009 _y5448 _ZSchool Collections |
||
| 999 |
_c76214 _d76214 |
||